Statistiques concernant Drapeaux mêlés

Cliquez ici pour prendre le quiz!

Statistiques générales

  • Ce quiz a été pris 475 fois
    (407 depuis la dernière actualisation)
  • Le résultat moyen est 4 sur 8

Statistiques - réponses

Pays% Correct
.......France
88%
.......Bangladesh
69%
.......Irlande
63%
.......Nigeria
58%
.......Russie
51%
.......Monaco/Indonésie
39%
.......Pays-Bas
28%
.......Hongrie
18%

Distribution des résultats

Percentile par nombre de réponses

% des personnes avec chaque résultat

Votre développement - résultats

Vous n’avez pas pris ce quiz depuis la dernière actualisation